000 01162nam a2200313 i 4500
003 EG-GICUC
005 20260121101532.0
008 251222s1982 ua ||||fr|||| 00| 0 ara d
017 _a824361
040 _a EG-GICUC
_bara
_c EG-GICUC
_d EG-GICUC
_erda
041 0 _aara
082 0 4 _221
_a345.665
_bع ب . ح
092 0 4 _221
099 _aLaw1 07 345.665 ع ب . ح 3 ed - 1982
100 0 _aعبد المنعم حسنى
_eمؤلف.
245 1 2 _aالحجز الإدارى ( علما وعملا ) /
_cعبد المنعم حسنى.
250 _aالطبعة الثالثة
264 1 _aالقاهرة :
_bمدونة التشريع والقضاء,
_c1982
300 _a838 ؛ صفحة
_c24 سم.
336 _2rda content
_atext
337 _2rda media
_aComputer
338 _2rda carrier
_aOnline Resource
504 _aيحتوي على ارجاعات ببليوجرافية
546 _aالنص باللغة العربية
650 1 4 _aالتنفيذ المباشر للقرار الإداري
_xالقانون الإداري
856 4 0 _uhttps://fll.law.cu.edu.eg/fulltext/bks/B07-01505.pdf
905 _a75
942 _2ddc
_cBK
_e21
_n0
999 _c52153
_d52153